Chanteurs par lettre. E - Statistiques

Statistiques générales
  • Ce quiz a été pris 288 fois
  • Le résultat moyen est 7 sur 11
Statistiques - réponses
Chansons Chanteurs % Correct
Lose yourself / Mockingbird Eminem
87%
Take it easy / Hotel California Eagles
73%
Les démons de minuit / Maîtresse Emile et Images
73%
The final countdown / Rock the night Europe
68%
Ciel / Coeur Noir Eva Queen
62%
There must be an angel / Sweet dreams Eurythmics
61%
Déjeuner en paix / Tu ne me dois rien Stéphan Eicher
60%
T'en va pas / Jour de neige Elsa
53%
Bring me to life / My immortal Evanescence
51%
Move your body / Blue da ba dee Eiffel 65
41%
Shotgun / Budapest George Ezra
31%
Aucun quiz correspondant
Distribution des résultats
% des personnes avec chaque résultat
Percentile par nombre de réponses
Votre historique - résultats
Vous n’avez pas pris ce quiz